How does your garden grow? / (Record no. 6309)

MARC details
000 -LEADER
fixed length control field 01521cam a2200433 a 4500
001 - CONTROL NUMBER
control field 6309
003 - CONTROL NUMBER IDENTIFIER
control field FISKH
005 - DATE AND TIME OF LATEST TRANSACTION
control field 20250714102053.0
008 - FIXED-LENGTH DATA ELEMENTS--GENERAL INFORMATION
fixed length control field 100306s2009 dcua j 000 1 eng d
010 ## - LIBRARY OF CONGRESS CONTROL NUMBER
LC control number 2010285300
020 ## - INTERNATIONAL STANDARD BOOK NUMBER
International Standard Book Number 9781426304835 (library)
020 ## - INTERNATIONAL STANDARD BOOK NUMBER
International Standard Book Number 9781426304828
020 ## - INTERNATIONAL STANDARD BOOK NUMBER
International Standard Book Number 1426304838 (library)
020 ## - INTERNATIONAL STANDARD BOOK NUMBER
International Standard Book Number 9781426304828 (pbk.)
020 ## - INTERNATIONAL STANDARD BOOK NUMBER
International Standard Book Number 142630482X (pbk.)
040 ## - CATALOGING SOURCE
Original cataloging agency EYP
Transcribing agency EYP
Language of cataloging eng
042 ## - AUTHENTICATION CODE
Authentication code lccopycat
050 ## - LIBRARY OF CONGRESS CALL NUMBER
Classification number PZ7.H6517 T
082 ## - DEWEY DECIMAL CLASSIFICATION NUMBER
Classification number 813.54
100 1# - MAIN ENTRY--PERSONAL NAME
Personal name Marsh, Laura F.
245 10 - TITLE STATEMENT
Title How does your garden grow? /
Statement of responsibility, etc. based on the teleplay by Kim Segal ; adapted by Laura F. Marsh.
260 ## - PUBLICATION, DISTRIBUTION, ETC.
Place of publication, distribution, etc. Washington :
Name of publisher, distributor, etc. National Geographic Society,
Date of publication, distribution, etc. 2009.
300 ## - PHYSICAL DESCRIPTION
Extent 22 unnumbered pages :
Other physical details color illustrations ;
Dimensions 21 cm
490 0# - SERIES STATEMENT
Series statement National Geographic little kids
500 ## - GENERAL NOTE
General note "Based on the television show Toot & Puddle"--T.p. verso.
500 ## - GENERAL NOTE
General note "Characters based on the original series created by Holly Hobbie"--T.p. verso.
505 ## - FORMATTED CONTENTS NOTE
Formatted contents note N<br/>
520 ## - SUMMARY, ETC.
Summary, etc. Puddle recruits Opal to help him plant a garden, while Toot heads off to Mexico, promising to bring home a vegetable they have never planted before.
521 8# - TARGET AUDIENCE NOTE
Target audience note 590<br/>
Source Lexile<br/>
521 8# - TARGET AUDIENCE NOTE
Target audience note N<br/>
Source Raz-Plus<br/>
650 #0 - SUBJECT ADDED ENTRY--TOPICAL TERM
Topical term or geographic name entry element Gardening
Form subdivision Juvenile fiction.
650 #1 - SUBJECT ADDED ENTRY--TOPICAL TERM
Topical term or geographic name entry element Gardening
Form subdivision Fiction.
650 #1 - SUBJECT ADDED ENTRY--TOPICAL TERM
Topical term or geographic name entry element Pigs
Form subdivision Fiction.
651 #1 - SUBJECT ADDED ENTRY--GEOGRAPHIC NAME
Geographic name Mexico
Form subdivision Fiction.
700 1# - ADDED ENTRY--PERSONAL NAME
Personal name Hobbie, Holly.
Relator term Author
906 ## - LOCAL DATA ELEMENT F, LDF (RLIN)
a 7
b cbc
c copycat
d 2
e ncip
f 20
g y-gencatlg
942 ## - ADDED ENTRY ELEMENTS (KOHA)
Source of classification or shelving scheme Dewey Decimal Classification
Koha item type Books
Suppress in OPAC No
Holdings
Withdrawn status Lost status Source of classification or shelving scheme Damaged status Not for loan Collection Home library Current library Shelving location Date acquired Total Checkouts Full call number Barcode Date last seen Copy number Price effective from Koha item type
    Dewey Decimal Classification     Juvenile Fiction Footprints International School Library Network Toul Kork Campus Footprints International School Library Network Toul Kork Campus TK Primary Library Room(4th Floor), Bookcase 3&4, Shelves 17-32, Yellow Books 04/09/2025   MAR 813.54 PZ7.H6517 T FISTK02120 04/09/2025 1 04/09/2025 Books